000 01157nam0a2200313 4500
001 RU\NLR\bibl\11384
005 20250615011635.0
010 _a5-8304-0009-Х
_910000
021 _aRU
_b98-16703
_9792
035 _a(NLR Aleph) 000011103
090 _a38731
_c38731
100 _a19981229d1997 |||y0rusy50 ca
101 0 _arus
102 _aRU
105 _a|||||||||||||
200 1 _aПравославный обряд отпевания и погребения
_eМолитвы за усопших. Панихида, поминовение на литургии, сорокоуст
_f[Сост. Б. Толин]
210 _aН.Новгород
_cЕлень
_d1997
215 _a64 с.
_cил.
_d20
320 _aБиблиогр.: с. 58
606 0 _aПогребальные обряды православные
_91714447
_3RU\NLR\auth\661061898
606 0 _aОтпевание
_92135933
_3RU\NLR\auth\661287976
686 _aЭ372.24-503.34
702 1 _aТолин
_bБ.
_4220
801 0 _aRU
_bNLR
_c19981229
_gPSBO
801 1 _aRU
_bNLR
_c19981229
852 _aNLR
_j98-4/3597
942 _cBOOK
980 _aNB